| 000 | 03085nam a2200457 a 4500 | ||
|---|---|---|---|
| 003 | CHAP | ||
| 005 | 20240925132233.0 | ||
| 007 | cr ||||||a|c|a | ||
| 008 | 101110s2010 mx r 00010 spa d | ||
| 035 | _a111388 | ||
| 040 | _cCHAP | ||
| 090 | _aTesis | ||
| 100 | 1 |
_aMoedano Mariano, Magda Karina _976445 |
|
| 245 | 1 | 0 |
_aEtiología de la pudrición de la raíz tuberosa de la jícama (Pachyrhizus erosus (L.) Urban) en Tancitaro, Michoacan _c/por Magda Karina Moedano Mariano; director de tesis Santos Gerardo Leyva Mir. |
| 264 | 1 |
_aChapingo, Méx. : _bEl autor, _c2010. |
|
| 300 |
_a1 recurso en línea (59 páginas): _bcuadros, figuras. |
||
| 336 |
_2rdacontent _atexto _btxt |
||
| 337 |
_2rdamedia _acomputadora _bc |
||
| 338 |
_2rdacarrier _arecursos en línea _bcr |
||
| 502 |
_bIAEPA _cParasitología _d2010. _gLIC |
||
| 520 | _aLa jícama (Pachyrhizus erosus (L.) Urban) raíz tuberosa o tubérculo, es originaria del regiones tropicales del continente americano es un cultivo integral que cumple con el concepto de sostenibilidad en sistemas agrícolas debido a que el follaje puede ser usado para la producción animal, la raíz es comercializada a nivel mundial para consumo humano en fresco o cocido, y las semillas maduras pueden ser destinadas a la agroindustria con propiedades de insecticidas naturales biodegradables, debido a la presencia de rotenona, medicinal, como fijador de nitrógeno, entre otros (Sorensen, 1996). La pudrición de la raíz tubérosa de la jícama, es un problema fitosanitario en la producción de dicho cultivo en el municipio de Tancitaro, Michoacán, por tal motivo, esta investigación tuvo como objetivo identificar al agente causal. Se realizó una caracterización morfológica en la cual el crecimiento miceliar, forma y medidas de macroconidios y microconidios coincidían con las de Fusarium solani (Mart.) Sacc. Para su identificación se colectaron tubérculos dañados y se realizaron las pruebas para el diagnóstico del patógeno mediante de los Postulados de Koch con ayuda de las claves taxonómicas (Booth, 1971) y las características descritas por (Leslie y Summerell, 2006) se concluyó que el agente causal es Fusarium solani (Mart.) Sacc. | ||
| 590 |
_aALEPH _b10 _c20130110 |
||
| 590 |
_aBATCH-UPD _b10 _c20130110 |
||
| 590 |
_aBATCH-UPD _b10 _c20130410 |
||
| 590 |
_aBATCH-UPD _b10 _c20130914 |
||
| 590 |
_aBATCH-UPD _b10 _c20140324 |
||
| 590 |
_aBATCH-UPD _b10 _c20141002 |
||
| 590 |
_aCONVERSION _b10 _c20130109 |
||
| 650 | 1 | 4 |
_aJícama _xEnfermedades. _961915 |
| 650 | 1 | 4 |
_aJicama _xMichoacan. _961430 |
| 650 | 1 | 4 |
_aPudrición de la raíz. _992840 |
| 650 | 1 | 4 |
_aRaíz tuberosa. _994678 |
| 700 | 1 |
_aLeyva Mir, Santos Gerardo _966581 _eDirector de tesis. |
|
| 856 |
_uhttp://10.13.5.2/tesis/111388.pdf _zDESCARGAR PDF |
||
| 901 | _aBK | ||
| 942 |
_cTD _2Clasificación Universidad Autónoma Chapingo |
||
| 949 |
_atesis _bBC _cTES _d33724002220579 _eTS2 _fc.2 _gDonaciØn _h51387 _i111388 _sb |
||
| 949 |
_aTesis _bBC _cTES _d33724002220644 _eTS1 _gDonaciØn _h51386 _i111388 _sb |
||
| 999 |
_c99730 _d99730 |
||